Responses for Show #6867 - Tuesday, June 24, 2014

Contestants

[<< previous game]

Jennifer Blanton, an attorney from San Diego, California

Chris Gullo, a poet from Philadelphia, Pennsylvania

Alison Meermans, a fundraising project manager from Lakewood, Ohio (whose 2-day cash winnings total $33,600)

[next game >>]

Jeopardy! Round responses

ECON 101
COLORFUL SPORTS
EUROPEAN COUNTRY BY REGIONS
POTPOURRI
WILL YOU STILL FEED ME?
WHEN? IN '64
    $200 26
liquid

Jennifer
    $200 6
the green

Jennifer
    $200 1
Greece

Alison
    $200 11
Bo

Alison
    $200 16
[Alex reads the clue with a Scottish accent.]

haggis

Chris
    $200 21
the Leaning Tower of Pisa

Alison
    $400 27
inflation

Chris
    $400 7
the Black Sox

Alison
    $400 2
Switzerland

Alison
    $400 12
go

Alison
    $400 17
chicken

Jennifer
    $400 22
the Mustang

Triple Stumper
    $600 28
the International Monetary Fund

Alison
    $600 8
the Orange Bowl

Jennifer
    $600 3
Norway

Alison
    $600 13
the Po

Jennifer
    $600 18
a cruller

Chris
    $600 23
Ken Kesey

Chris
    $500 29
Adam Smith

Alison
    $800 9
the Grey Cup

Triple Stumper
    $800 4
Portugal

Chris
    $800 14
So

Jennifer
    $800 19
limburger

Chris
    $800 24
Khrushchev

Alison
    $1000 30
Arthur Laffer

Triple Stumper
    $1000 10
(Larry) Brown

Alison
    $1000 5
Croatia

Jennifer
    $1000 15
Io

Jennifer
    $1000 20
kielbasa

Chris
    $1000 25
(Chris: What is Alabama?)
...
(Alex: And that program premieres tonight.)

Mississippi

AlisonChris

Scores at the first commercial break (after clue 15):

Alison Chris Jennifer
$3,200 $800 $4,200

Scores at the end of the Jeopardy! Round:

Alison Chris Jennifer
$6,300 $3,400 $4,800

Double Jeopardy! Round responses

VICTOR/VICTORIA
NONFICTION
A "KN"ICE CATEGORY
CLASSICAL MUSIC
THE MOVIE'S CHARACTERS
PROPERTIES WITH NO ADDRESS
    $400 14
Victor Frankenstein

Jennifer
    $400 9
the Dalai Lama

Chris
    $400 19
the knave

Jennifer
    $400 2
a guitar

Alison
    $400 4
Forrest Gump

Jennifer
    $400 24
volume

Alison
    $800 15
Sylvia Plath

Alison
    $800 10
the Civil War

Chris
    $800 20
a knee-jerk

Jennifer
    $800 1
Verdi

Alison
    $800 5
The Social Network

Jennifer
    $800 25
luster

Alison
    $1200 16
Sardinia

Alison
    $1200 11
Iran

Chris
    $1200 21
knuckle

Alison
    $1200 3
(Alison: What is a piano?)

the cello

Alison
Triple Stumper
    $1200 6
Jaws

Alison
    $1200 26
chemical

Alison
    $2,000 17
(Alison: Who is George V?)

William IV

Alison
    $1600 12
(Chris: Who is Joe McGinniss?)

David Halberstam

Chris
Triple Stumper
    $1600 22
a knothole

Triple Stumper
    $1600 29
Haydn

Chris
    $1600 7
Goodfellas

Alison
    $1600 27
viscosity

Jennifer
    $2000 18
Victoria Woodhull

Triple Stumper
    $2000 13
The Power of Positive Thinking

Jennifer
    $2000 23
a knoll

Jennifer
    $7,000 30
The Planets

Chris
    $2000 8
Pulp Fiction

Jennifer
    $2000 28
malleability

Chris

Scores at the end of the Double Jeopardy! Round:

Alison Chris Jennifer
$12,700 $14,800 $15,200

[wagering suggestions for these scores]

Final Jeopardy! Round responses

2004
(Alex: You all remember the "wardrobe malfunction"?)
...
(Alex: [To Alison] They received over half a million complaints about indecency.)
[NOTE: Chairman Michael Powell's actual quoted thought was "'My day is going to suck tomorrow."]
AlisonWhat is the FCC?
$2,200
ChrisWhat is the FCC?
$12,000
JenniferWhat is the FCC?
$14,401
the FCC

Final scores:

Alison Chris Jennifer
$14,900 $26,800 $29,601
3rd place: $1,000 2nd place: $2,000 New champion: $29,601

Game dynamics:

Coryat scores:

Alison Chris Jennifer
$15,000 $9,800 $15,200
22 R
(including 1 DD),
2 W
(including 1 DD)
13 R
(including 1 DD),
2 W
17 R,
0 W

Combined Coryat: $40,000

[game clues] [game scores] [suggest correction]

Game tape date: 2014-03-11
The J! Archive is created by fans, for fans. Scraping, republication, monetization, and malicious use prohibited; this site may use cookies and collect identifying information. See terms. The Jeopardy! game show and all elements thereof, including but not limited to copyright and trademark thereto, are the property of Jeopardy Productions, Inc. and are protected under law. This website is not affiliated with, sponsored by, or operated by Jeopardy Productions, Inc. Join the discussion at JBoard.tv.